00471nam a2200193 a 4500001001300000003000900013005001700022008004100039020001000080082001300090100001700103245003100120260003300151300000900184500003500193505001000228650002200238700001700260nice12345678IN_TiNIC20260116011840.0050524s1954 lona grp 000 0 eng  ac10000a226bKNO aKnox, Ronald aCommentary on the Gospels. aLondonbSheed and Wardc1954 a284p aincludes index and biblioraphy2 aIndex aBible N.T. Gospel1 aKnox, Ronald